Energy, innovation and economic growth : a study of countries by development and export-dependency levels /
محفوظ في:
| المؤلف الرئيسي: | |
|---|---|
| التنسيق: | أطروحة كتاب |
| اللغة: | English |
| منشور في: |
2015.
|
| الموضوعات: | |
| الوسوم: |
إضافة وسم
لا توجد وسوم, كن أول من يضع وسما على هذه التسجيلة!
|
| LEADER | 01168cam a2200301 i 4500 | ||
|---|---|---|---|
| 001 | u1038033 | ||
| 003 | SIRSI | ||
| 005 | 201608160847 | ||
| 008 | 160816s2015 my a m 000 0 eng | ||
| 040 | |a UMM |e rda | ||
| 090 | |a HB71 |b UM 2015 Fei | ||
| 100 | 1 | |a Fei, Qin, |e author. | |
| 245 | 1 | 0 | |a Energy, innovation and economic growth : |b a study of countries by development and export-dependency levels / |c Qin Fei. |
| 264 | 1 | |c 2015. | |
| 264 | 4 | |c 2015. | |
| 300 | |a xi, 68 leaves : |b illustrations ; |c 30 cm. | ||
| 336 | |a text |2 rdacontent | ||
| 337 | |a unmediated |2 rdamedia | ||
| 338 | |a volume |2 rdacarrier | ||
| 502 | |b M.Ec. |c Jabatan Pengajian Pembangunan, Fakulti Ekonomi dan Pentadbiran, Universiti Malaya |d 2015. | ||
| 504 | |a Bibliography: leaves 49-59. | ||
| 650 | 0 | |a Power resources |x Economic aspects. | |
| 650 | 0 | |a Electric power consumption |x Economic aspects. | |
| 650 | 0 | |a Economic development. | |
| 710 | 2 | |a Universiti Malaya. |b Jabatan Pengajian Pembangunan, |e degree granting institution. | |
| 900 | |a NSR NSM | ||
| 596 | |a 1 | ||
| 999 | |a HB71 UM 2015 FEI |w LC |c 1 |i A516179190 |d 30/5/2019 |e 21/5/2019 |f 9/12/2016 |g 1 |l STACKS |m P01UTAMA |n 4 |r Y |s Y |t TESIS |u 8/12/2016 |1 AHSS | ||
